| 000 | 00592nam a22001697a 4500 | ||
|---|---|---|---|
| 999 |
_c25025 _d25025 |
||
| 003 | BDDh-ASL | ||
| 005 | 20231015030434.0 | ||
| 008 | 210619s2002 ir ||||| |||| 00| 0 eng d | ||
| 040 |
_aBDDh-ASL _cBDDh-ASL |
||
| 082 |
_a955.8915 _bBOO |
||
| 100 | 1 |
_94020 _aTamimdari, Ahmad |
|
| 245 | 1 | 4 |
_aThe Book of Iran, A History of Persian Literature : _bSchools, Periods, Styles, and Literature Genres / |
| 260 |
_aTehran, Iran: _bThe Center for International-Cultural Studies, _c2002. |
||
| 300 |
_a224 p. : _c24 cm. |
||
| 650 | 0 |
_93978 _aPersian Language and Literature _xHistory |
|
| 942 |
_2ddc _cBK |
||